000 00628nam a22002297a 4500
003 UA-OsUOA
001 64576
007 ta
008 20091105b un ||||| |||| 00| 0 ukr d
090 _a94(477.63)
_bЖ52
942 _cBK
040 _aUA-OsUOA
_brus
_cUA-OsUOA
_dUA-OsUOA
245 _aЖелтым Водам - 100
_bИсторический очерк
300 _a118 с.
955 _a4
041 _arus
080 _a94(477.63)
020 _a5-7775-0607-0
260 _aДніпропетровськ
_bСі
_c1995
650 7 _a9 Географія. Біографії. Історія
_2UDC
999 _c350525
_d350525